INFORME DE ACTIVIDADES DE SERVICIO, EXTENSIÓN E INVESTIGACIÓN REALIZADAS CON EL APOYO DE LA FUNDACIÓN RIGOBERTA MENCHÚ TUM (FRMT) E IMPULSADAS POR LOS PROGRAMAS DE INICIATIVAS DE AUTODESARROLLO (PAIA), EN CINCO COMUNIDADES DEL MUNICIPIO DE FRAY BARTOLOMÉ DE LAS CASAS, ALTA VERAPAZ./ (Registro nro. 2263)
[ vista simple ]
| 000 -LEADER | |
|---|---|
| campo de control de longitud fija | 03571nam a22003257a 4500 |
| 001 - NÚMERO DE CONTROL | |
| campo de control | TZ 0031 |
| 003 - IDENTIFICADOR DE NÚMERO DE CONTROL | |
| campo de control | gtcocun |
| 005 - FECHA Y HORA DE LA ÚLTIMA TRANSACCIÓN | |
| campo de control | 20251007165713.0 |
| 006 - CÓDIGOS DE INFORMACIÓN DE LONGITUD FIJA--CARACTERÍSTICAS DEL MATERIAL ADICIONAL | |
| campo de control de longitud fija | a||||gr|||| 00| 0 |
| 007 - CAMPO FIJO DE DESCRIPCIÓN FÍSICA--INFORMACIÓN GENERAL | |
| campo de control de longitud fija | ta |
| 008 - DATOS DE LONGITUD FIJA--INFORMACIÓN GENERAL | |
| campo de control de longitud fija | 251007b2007 gt ||||| m||| 00| 0 eng d |
| 040 ## - FUENTE DE CATALOGACIÓN | |
| Centro catalogador/agencia de origen | gtcocun |
| Lengua de catalogación | SPA |
| Centro/agencia transcriptor | gtcocun |
| Normas de descripción | RDA |
| 041 ## - CÓDIGO DE IDIOMA | |
| Código de lengua del texto/banda sonora o título independiente | SPA TZ 0031 |
| 084 ## - OTRO NÚMERO DE CLASIFICACIÓN | |
| Número de control del registro de autoridad o número normalizado | TZ 0031 |
| 100 ## - ENTRADA PRINCIPAL--NOMBRE DE PERSONA | |
| Nombre de persona | García Molina, Jorge FAbio |
| Término indicativo de función/relación | Autor |
| 245 ## - MENCIÓN DEL TÍTULO | |
| Título | INFORME DE ACTIVIDADES DE SERVICIO, EXTENSIÓN E INVESTIGACIÓN REALIZADAS CON EL APOYO DE LA FUNDACIÓN RIGOBERTA MENCHÚ TUM (FRMT) E IMPULSADAS POR LOS PROGRAMAS DE INICIATIVAS DE AUTODESARROLLO (PAIA), EN CINCO COMUNIDADES DEL MUNICIPIO DE FRAY BARTOLOMÉ DE LAS CASAS, ALTA VERAPAZ./ |
| Mención de responsabilidad, etc. | Jorge FAbio García Molina. |
| Medio | Impreso |
| 264 ## - PRODUCCIÓN, PUBLICACIÓN, DISTRIBUCIÓN, FABRICACIÓN Y COPYRIGHT | |
| Producción, publicación, distribución, fabricación y copyright | Cobán, Alta Verapaz: |
| Nombre del de productor, editor, distribuidor, fabricante | Universidad de San Carlos de Guatemala, Centro Universitario del Norte, Zootecnia |
| Fecha de producción, publicación, distribución, fabricación o copyright | 2007 |
| 300 ## - DESCRIPCIÓN FÍSICA | |
| Extensión | 53 p.: |
| Otras características físicas | Ilustraciones, gráficas. |
| Dimensiones | 28 cm; |
| 336 ## - TIPO DE CONTENIDO | |
| Fuente | rdacontenido |
| Término de tipo de contenido | Texto |
| Código de tipo de contenido | txt |
| 337 ## - TIPO DE MEDIO | |
| Fuente | rdamedio |
| Nombre/término del tipo de medio | Computadora |
| Código del tipo de medio | n |
| 338 ## - TIPO DE SOPORTE | |
| Fuente | rdasoporte |
| Nombre/término del tipo de soporte | Código en línea |
| Código del tipo de soporte | cr |
| 502 ## - NOTA DE TESIS | |
| identificador de la tesis | TZ 0031 |
| 502 ## - NOTA DE TESIS | |
| Nota de tesis | Tesis de grado |
| Tipo de título | Zootecnia, |
| Nombre de la institución que otorga el título | Universidad de San Carlos de Guatemala, Centro Universitario del Norte, Zootecnia |
| Año de obtención del título | 2007 |
| Identificador de la tesis | TZ 0031 |
| 520 14 - RESUMEN, ETC. | |
| Sumario, etc. | En este informe se describen las actividades de servicio y extensión realizadas con el apoyo y la disponibilidad de los recursos de la Fundación Rigoberta Menchú Tum (FRMT) y los programas de iniciativas de autodesarrollo (PAIA), que impulsa el desarrollo integral y sostenible de las comunidades, para mejorar las condiciones de vida de las familias y pueblos indígenas, impulsando la capacidad de grupos organizados para que fortalezcan el desarrollo de sus comunidades; con capacidad económica y de gestión con la participación equitativa de mujeres y hombres promoviendo el buen uso de los recursos naturales.<br/>Las actividades agroproductivas que se realizaron consideran valores sociales y económicos en la mayoría de las familias del área de influencia, bajo las condiciones de nuevas alternativas de producción y cultivo que permiten el fortalecimiento de sistemas de organización y participación, así como aseguran el mejoramiento de vida de las propias comunidades.<br/>Las actividades de extensión y servicio dieron inicio con la socialización de los proyectos programados para ejecutar en las comunidades beneficiadas, que<br/>se basaron en cuatro componentes comprendidos por la Educación Ambiental,<br/>las reforestaciones y manejo forestal, la diversificación de la producción y el<br/>fortalecimiento de capacidades de organización local.<br/><br/>En la investigación inferencial se identificaron factores que inciden en el desarrollo de proyectos pecuarios, ésta se realizó en tres comunidades del municipio de Fray Bartolomé de las Casas, Alta Verapaz.<br/>vi Al finalizar el Ejercicio Profesional Supervisado y la investigación, se<br/>concluyó que durante las actividades realizadas se socializaron a trescientas<br/>personas como beneficiaras de los proyectos, se diversificaron y establecieron granjas avícolas para la producción de carne y huevo y parcelas con cultivos de cítricos, vainilla y pimienta. |
| 650 14 - PUNTO DE ACCESO ADICIONAL DE MATERIA--TÉRMINO DE MATERIA | |
| Fuente del encabezamiento o término | LEMB |
| Término de materia o nombre geográfico como elemento de entrada | Fray Bartolomé de las Casas, Alta Verapaz. |
| Subdivisión general | Zootecnia |
| -- | Autodesarrollo |
| -- | Fundación |
| -- | Comunidad |
| -- | Capacidades |
| -- | Fortalecimiento |
| 700 ## - ENTRADA AGREGADA--NOMBRE PERSONAL | |
| Nombre de persona | Lic. Zoot. Julio Antonio Estrada Osorio |
| Término indicativo de función/relación | Asesor |
| 856 ## - LOCALIZACIÓN Y ACCESO ELECTRÓNICOS | |
| Identificador Uniforme de Recurso | <a href="https://drive.google.com/file/d/1Gs3MZN5hPoXkQCTvlizq7V9T8aPc6bNI/view">https://drive.google.com/file/d/1Gs3MZN5hPoXkQCTvlizq7V9T8aPc6bNI/view</a> |
| Texto de enlace | |
| Nota pública | Un ejemplar en línea. |
| 942 ## - ELEMENTOS DE ENTRADA SECUNDARIOS (KOHA) | |
| Fuente de la clasificación o esquema de estantería | Clasificación Decimal Dewey |
| Tipo de ítem Koha | TESIS |
| Parte de la signatura que identifica el ejemplar (Parte del ítem) | TZ 0031 |
| Prefijo de la signatura | Clasificación |
| Suprimir en OPAC | No |
| -- | TZ_0031_000000000000000 |
| Estatus retirado | Estado de pérdida | Fuente de la clasificación o esquema de estantería | Estado de daño | No para préstamo | Colección | Biblioteca de origen | Biblioteca actual | Ubicación en estantería | Fecha de adquisición | Número de inventario | Total de préstamos | Signatura topográfica completa | Código de barras | Visto por última vez | Precio de reemplazo | Tipo de ítem Koha |
|---|---|---|---|---|---|---|---|---|---|---|---|---|---|---|---|---|
| Clasificación Decimal Dewey | tesis | BIBLIOTECA- CUNOR -JOSÉ LUIS GONZALES ROSALES | BIBLIOTECA- CUNOR -JOSÉ LUIS GONZALES ROSALES | Colección tesis | 16/09/2025 | TZ 0031 | TZ 00301 | TZ 0031 | 16/09/2025 | 16/09/2025 | TESIS |